000 00599nam a22002177a 4500
001 00028900
005 20260425094613.0
008 260425b ag ||||| |||| 00| 0 spa d
020 _a8441305420
040 _aAR-CcCEOS
_bspa
_cAR-CcCEOS
041 _aspa
080 _a902:7
090 _bORI v.1
245 _aLos origenes de la civilización :
_bdescubrimientos arqueologicos historicos : Volumen I
264 _aBarcelona :
_bFolio,
_c1993
300 _a101 p. ;
_c24x18 cm.
490 _vArte cultural del mundo
650 0 _ahistoria
_990
655 0 _aarte
_9138
942 _2udc
_cBK
_n0
999 _c28946
_d28946